Objetivos fundamentales y contenidos mínimos obligatorios
Gardado en:
| Formato: | Libro |
|---|---|
| Idioma: | Lingua castelá |
| Publicado: |
Santiago
Ministerio de Educación
1998
|
| Series: | Currículum de la Educación Media
|
| Subjects: | |
| Tags: |
Engadir etiqueta
Sen Etiquetas, Sexa o primeiro en etiquetar este rexistro!
|
MARC
| LEADER | 00000cam a2200000 a 4500 | ||
|---|---|---|---|
| 001 | UCH2322 | ||
| 003 | CL-VaPUC | ||
| 008 | 090611e19980000CL |||||||||||||||||spa|d | ||
| 020 | |a 9567405492 | ||
| 082 | 0 | 4 | |a 370.11 |b OBJ |2 21 |
| 245 | 1 | 0 | |a Objetivos fundamentales y contenidos mínimos obligatorios |
| 300 | |a 394 p | ||
| 942 | |c BK | ||
| 945 | |d 20090611 00:00:00 |a rbrito | ||
| 260 | |a Santiago |b Ministerio de Educación |c 1998 | ||
| 650 | 0 | |a Currículo |9 307290 | |
| 650 | 7 | |a OBJETIVOS EDUCACIONALES |2 CL-VaPUC |9 392483 | |
| 650 | 0 | |a Planificación del currículo |9 269599 | |
| 583 | |a last modification |c 20121018 10:14:21 |k Rodrigo Vera | ||
| 490 | 0 | |a Currículum de la Educación Media | |
| 999 | |c 334093 |d 334091 | ||
| 952 | |0 0 |1 0 |4 0 |6 370_110000000000000_OBJ_1998 |7 0 |8 A |9 422906 |a BIBHIS |b BIBHIS |d 2019-11-22 |i 4560809 |o 370.11 OBJ 1998 |p 4560809 |r 2025-01-20 |w 2019-11-22 |y BK |k HIS | ||
| 952 | |0 0 |1 0 |4 0 |6 370_110000000000000_OBJ_1998 |7 0 |8 A |9 422907 |a BIBEDU |b BIBEDU |d 2019-11-22 |i 4563689 |o 370.11 OBJ 1998 |p 4563689 |r 2019-11-22 |w 2019-11-22 |y BK |k EBA | ||
| 952 | |0 0 |1 0 |4 0 |6 370_110000000000000_OBJ_1998 |7 0 |8 A |9 422908 |a BIBEDU |b BIBEDU |d 2019-11-22 |i 470116K |o 370.11 OBJ 1998 |p 470116K |r 2019-11-22 |w 2019-11-22 |y BK |k EDU | ||
| 952 | |0 0 |1 0 |4 0 |6 370_110000000000000_OBJ_1998 |7 0 |8 A |9 422909 |a BIBHIS |b BIBHIS |d 2019-11-22 |i 4915844 |o 370.11 OBJ 1998 |p 4915844 |r 2025-01-20 |w 2019-11-22 |y BK |k HIS | ||
| 952 | |0 0 |1 0 |4 0 |6 370_110000000000000_OBJ_1998 |7 0 |8 A |9 422910 |a BIBCUR |b BIBCUR |d 2019-11-22 |i 4947126 |o 370.11 OBJ 1998 |p 4947126 |r 2025-04-22 |w 2019-11-22 |y BK |k BCB | ||